Carta encíclica redemptoris mater del sumo pontífice Juan Pablo II, sobre la bienaventurada Virgen María en la vida de la Iglesia peregrina
I tiakina i:
| Hōputu: | Pukapuka |
|---|---|
| Reo: | Pāniora |
| I whakaputaina: |
Santiago
Salesiana
1987
|
| Ngā marau: | |
| Ngā Tūtohu: |
Tāpirihia he Tūtohu
Kāore He Tūtohu, Me noho koe te mea tuatahi ki te tūtohu i tēnei pūkete!
|
MARC
| LEADER | 00000nam a2200000 a 4500 | ||
|---|---|---|---|
| 001 | UCL3063 | ||
| 003 | CL-VaPUC | ||
| 008 | 031114e19870000CL |||||||||||||||||spa|d | ||
| 082 | 0 | 4 | |a 262.91 |b CAR |2 21 |
| 245 | 1 | 0 | |a Carta encíclica redemptoris mater del sumo pontífice Juan Pablo II, sobre la bienaventurada Virgen María en la vida de la Iglesia peregrina |
| 300 | |a 111 p | ||
| 942 | |c BK | ||
| 945 | |d 20031114 00:00:00 |a vberengu | ||
| 260 | |a Santiago |b Salesiana |c 1987 | ||
| 600 | 0 | |a Virgen María |9 314204 | |
| 600 | 0 | |a Juan Pablo II |9 309920 | |
| 650 | 0 | |a Documentos pontificios |9 255642 | |
| 583 | |a last modification |c 20031114 00:00:00 |k Rodrigo Vera | ||
| 999 | |c 306198 |d 306196 | ||
| 952 | |0 0 |1 0 |4 0 |6 262_910000000000000_CAR_1987 |7 0 |8 A |9 371035 |a BIBTEO |b BIBTEO |d 2019-11-21 |i 2094312 |o 262.91 CAR 1987 |p 2094312 |r 2025-01-17 |w 2019-11-21 |y BK |k ICR | ||
| 952 | |0 0 |1 0 |4 0 |6 262_910000000000000_CAR_1987 |7 0 |8 A |9 371036 |a BIBTEO |b BIBTEO |d 2019-11-21 |i 2094320 |o 262.91 CAR 1987 |p 2094320 |r 2025-01-17 |w 2019-11-21 |y BK |k ICR | ||